|
|
|
|
| LEADER |
01237nam a22003617a 4500 |
| 001 |
30448 |
| 003 |
BD-DhAAL |
| 005 |
20151111190444.0 |
| 008 |
151021s1995 bg a|||| b||| 00| 0 eng d |
| 040 |
|
|
|a BD-DhAAL
|c BD-DhAAL
|
| 082 |
|
|
|2 22
|a 307.1412095492
|
| 999 |
|
|
|c 36124
|d 36124
|
| 999 |
|
|
|c 35923
|
| 999 |
|
|
|c 35916
|
| 999 |
|
|
|c 35910
|
| 999 |
|
|
|c 35910 | 35909 | 35869 | 35868 | 35864 | 35863
|
| 999 |
|
|
|c 35909
|
| 999 |
|
|
|c 35869
|
| 999 |
|
|
|c 35868
|
| 999 |
|
|
|c 35864
|
| 999 |
|
|
|c 35863
|
| 100 |
|
|
|a Bhuiya, Abbas
|9 15733
|
| 245 |
|
|
|a The impact and economic development programme on health and well-being :
|b A BRAC-ICDDR'B collaborative project in Matlab, working paper no. 1 /
|c Abbas Bhuiya
|
| 260 |
|
|
|a Dhaka :
|b BRAC-ICDDR,B joint research project, BRAC,
|c 1995
|
| 300 |
|
|
|a 16 p. :
|b ill. ;
|c 28 cm.
|
| 541 |
|
|
|e 30448
|
| 610 |
|
|
|a BRAC
|9 15610
|
| 650 |
|
|
|a Rural Development
|z Bangladesh
|9 15611
|
| 700 |
|
|
|a Chowdhury, Mushtaque
|9 15732
|
| 710 |
|
|
|a BRAC
|9 15610
|
| 852 |
|
|
|a Ayesha Abed Library
|c BRAC Resource Section
|
| 942 |
|
|
|2 ddc
|c BK
|
| 952 |
|
|
|0 0
|1 0
|2 ddc
|4 0
|6 307_141209549200000_BHU
|7 0
|9 56790
|a BRACUL
|b BRACUL
|c BRS
|d 2015-11-11
|e BRAC
|l 0
|o 307.1412095492 BHU
|p 3010030448
|r 2015-11-11
|t 1
|w 2015-11-11
|y BK
|